La protection des faibles (Record no. 132611)

MARC details
000 -LEADER
campo de control de longitud fija 00660nam a2200193 4500
001 - NÚMERO DE CONTROL
campo de control 132611
003 - IDENTIFICADOR DE NÚMERO DE CONTROL
campo de control ES-MaACL
005 - FECHA Y HORA DE LA ÚLTIMA TRANSACCIÓN
campo de control 20230906194219.0
007 - CAMPO FIJO DE DESCRIPCIÓN FÍSICA--INFORMACIÓN GENERAL
campo de control de longitud fija t|
008 - DATOS DE LONGITUD FIJA--INFORMACIÓN GENERAL
campo de control de longitud fija 070214s1912 fr r ||||1| fre d
100 1# - ENTRADA PRINCIPAL--NOMBRE DE PERSONA
Nombre de persona Rondel, Georges.
9 (RLIN) 99508
245 13 - MENCIÓN DEL TÍTULO
Título La protection des faibles
Resto del título : assistance & bienfaisance /
Mención de responsabilidad, etc. par Georges Rondel.
260 ## - PUBLICACIÓN, DISTRIBUCIÓN, ETC.
Lugar de publicación, distribución, etc. Paris :
Nombre del editor, distribuidor, etc. Octave Doin et Fils,
Fecha de publicación, distribución, etc. 1912.
300 ## - DESCRIPCIÓN FÍSICA
Extensión 297 p. ;
Dimensiones 18 x 12 cm.
490 1# - MENCIÓN DE SERIE
Mención de serie Encyclopédie scientifique. Bibliothèque de Sociologie appliquée
830 0# - PUNTO DE ACCESO ADICIONAL DE SERIE-TÍTULO UNIFORME
Título uniforme Encyclopédie scientifique. Bibliothèque de Sociologie appliquée
9 (RLIN) 219662
852 ## - LOCALIZACIÓN
Ubicación ES-MaACL
Número de control de estantería D-3786
Holdings
Estatus retirado Estado de pérdida Estado de daño No para préstamo Biblioteca de origen Biblioteca actual Ubicación en estantería Fecha de adquisición Fuente de adquisición Total de préstamos Signatura topográfica completa Código de barras Visto por última vez Precio de reemplazo Tipo de ítem Koha
        Biblioteca del Ateneo de Madrid Biblioteca del Ateneo de Madrid Sala Valle Inclán 17/01/2008     D-3786 901138062 23/02/2023 23/02/2023 Libro impreso